[Event "For very fast players"]
[Site "SchemingMind.com"]
[Date "2021.12.30"]
[Round "-"]
[White "Raymond de Kemp"]
[Black "ausvazz"]
[Result "0-1"]
[WhiteCountry "NED"]
[BlackCountry "MEX"]
[WhiteElo "1804"]
[WhiteRD "66"]
[BlackElo "2102"]
[BlackRD "97"]
[GameID "718923"]

1. f4 d5 2. Nf3 g6 3. c4 e6 4. g3 Nf6 5. Bg2 dxc4 6. Ne5 Nd5 7. Nxc4 Nxf4 8. O-O Nxg2 9. d3 b5 10. Ne5 Qd4+
11. e3 Nxe3
0-1

[Event "For very fast players"]
[Site "SchemingMind.com"]
[Date "2021.12.30"]
[Round "-"]
[White "ausvazz"]
[Black "Raymond de Kemp"]
[Result "1-0"]
[WhiteCountry "MEX"]
[BlackCountry "NED"]
[WhiteElo "2102"]
[WhiteRD "97"]
[BlackElo "1804"]
[BlackRD "66"]
[GameID "718924"]

1. e4 d5 2. exd5 Nf6 3. c4 c6 4. Nc3 cxd5 5. d4 g6 6. Nf3 Bg7 7. cxd5 Nxd5 8. Bc4 Nxc3 9. bxc3 O-O 10. O-O a6
11. Bf4 b5 12. Bd3 Bb7 13. a4 bxa4 14. Rxa4 Bc6 15. Rc4 Bd5 16. Rc5 e6 17. Bc7 Qe7 18. Bf4 Ra7 19. Qe2 a5 20. Rb1 Nd7
21. Bg3 Nxc5 22. dxc5 Bxc3 23. Bd6 Qf6 24. Bxf8 Kxf8 25. Be4 Bxe4 26. Qxe4 Bb4 27. c6 Bd6 28. Qd3 Qe7 29. Rd1 Bc7 30. Qe3 Ra8
31. Rd7
1-0

[Event "For very fast players"]
[Site "SchemingMind.com"]
[Date "2022.01.03"]
[Round "-"]
[White "Raymond de Kemp"]
[Black "Xuvmok"]
[Result "0-1"]
[WhiteCountry "NED"]
[BlackCountry "SWE"]
[WhiteElo "1797"]
[WhiteRD "61"]
[BlackElo "2184"]
[BlackRD "63"]
[GameID "719075"]

1. f4 g6 2. Nf3 Bg7 3. g3 Nf6 4. Bg2 O-O 5. O-O d5 6. d3 c5 7. c3 Nc6 8. Na3 Qd6 9. Qe1 Rd8 10. e4 dxe4
11. dxe4 Qd3 12. Nd2 Ng4 13. Rf3 Qa6 14. Bf1 Qb6 15. Nac4 Qc7 16. h3 Nf6 17. e5 Nd5 18. Ne4 b5 19. Ne3 Nxe3 20. Bxe3 Bb7
21. Rf2 Nxe5 22. fxe5 Bxe4 23. Bf4 Qb7 24. Bxb5 Bd3 25. Bxd3 Rxd3 26. Qe2 Rad8 27. Raf1 Qd5 28. Rf3 Rxf3 29. Qxf3 Qxa2 30. Be3 Qc4
31. e6 Qxe6 32. Bxc5 a5 33. g4 Rd2 34. b4 axb4 35. Qa8+ Bf8 36. cxb4 Qe2 37. Rf2 Qe1+ 38. Kg2 Rxf2+ 39. Bxf2 Qxb4 40. Be3 Qb2+
41. Kg3 Qe5+ 42. Bf4 Qc5 43. Bh6 Qg1+ 44. Kh4 Qf2+
0-1

[Event "For very fast players"]
[Site "SchemingMind.com"]
[Date "2022.01.03"]
[Round "-"]
[White "Xuvmok"]
[Black "Raymond de Kemp"]
[Result "1-0"]
[WhiteCountry "SWE"]
[BlackCountry "NED"]
[WhiteElo "2218"]
[WhiteRD "67"]
[BlackElo "1804"]
[BlackRD "66"]
[GameID "719076"]

1. e4 d5 2. exd5 Nf6 3. Nc3 Nxd5 4. d4 g6 5. Bc4 Nxc3 6. bxc3 Bg7 7. Ne2 O-O 8. O-O Nc6 9. Bg5 Na5 10. Bd3 b6
11. Be4 Rb8 12. Qd3 Nb7 13. Bf3 Nd6 14. Ng3 b5 15. Rfe1 Nf5 16. Qd2 f6 17. Nxf5 Bxf5 18. Be3 c5 19. dxc5 Qxd2 20. Bxd2 Rfd8
21. Be3 e5 22. a4 Bxc2 23. c6 Rbc8 24. axb5 Bf8 25. Rxa7 e4 26. Be2 Bd6 27. Bc4+ Kh8 28. Be6 Ra8 29. Rxa8 Rxa8 30. b6
1-0

[Event "For very fast players"]
[Site "SchemingMind.com"]
[Date "2022.01.03"]
[Round "-"]
[White "ausvazz"]
[Black "Xuvmok"]
[Result "1/2-1/2"]
[WhiteCountry "MEX"]
[BlackCountry "SWE"]
[WhiteElo "2102"]
[WhiteRD "97"]
[BlackElo "2218"]
[BlackRD "67"]
[GameID "719077"]

1. e4 e5 2. Nf3 Nc6 3. d4 exd4 4. Nxd4 Bc5 5. Be3 Qf6 6. Nb5 Bxe3 7. fxe3 Qh4+ 8. g3 Qxe4 9. Nxc7+ Kd8 10. Nxa8 Nf6
11. Nc3 Qxh1 12. Qd2 Ng4 13. O-O-O Qxh2 14. Qd6 Nxe3 15. Bd3 Re8 16. Nb5 f5 17. Nac7 Qh5 18. Rg1 Re7 19. Na8 Re6 20. Qc7+ Ke7
21. Kb1 Qe8 22. Qf4 Qh5 23. Nac7 g5 24. Qa4 Qh2=
1/2-1/2

[Event "For very fast players"]
[Site "SchemingMind.com"]
[Date "2022.01.03"]
[Round "-"]
[White "Xuvmok"]
[Black "ausvazz"]
[Result "1-0"]
[WhiteCountry "SWE"]
[BlackCountry "MEX"]
[WhiteElo "2184"]
[WhiteRD "63"]
[BlackElo "2089"]
[BlackRD "91"]
[GameID "719078"]

1. e4 c5 2. Nf3 d6 3. d4 cxd4 4. Nxd4 e5 5. Nb3 Nf6 6. Nc3 Be7 7. Bc4 O-O 8. Qe2 Nbd7 9. O-O Nb6 10. Bd3 Be6
11. a4 Rc8 12. a5 Nc4 13. Ra4 Qc7 14. f4 exf4 15. Nb5 Qc6 16. N3d4 Qc5 17. b4 Qh5 18. Qxh5 Nxh5 19. Nxa7 Rc7 20. Nab5 Rcc8
21. Nxe6 fxe6 22. Nd4 e5 23. Nf5 Bd8 24. Bxc4+ Rxc4 25. Nxd6 Rxc2 26. Nxb7 Bc7 27. Ba3 Rb8 28. a6 Bb6+ 29. Kh1 Nf6 30. b5 Ra2
31. h4 Ng4 32. Bc5 Rxa4 33. Bxb6 Ra2 34. Rc1 h5 35. Rb1 f3 36. Bc5 fxg2+ 37. Kg1 Nf6 38. Nd6 Rxa6 39. bxa6 Rxb1+ 40. Kxg2 Nd7
41. a7 Ra1 42. Be3 Nf6 43. Kf3 Ra6 44. Bg1= Kf8 45. Nb5 Ne8 46. Bh2 Ke7 47. Bxe5 Kd7 48. Bb8 Kc6 49. Nd4+ Kb7 50. e5
1-0

[Event "For very fast players"]
[Site "SchemingMind.com"]
[Date "2022.02.03"]
[Round "-"]
[White "Raymond de Kemp"]
[Black "ClogViking"]
[Result "1-0"]
[WhiteCountry "NED"]
[BlackCountry "NOR"]
[WhiteElo "1797"]
[WhiteRD "61"]
[BlackElo "1713"]
[BlackRD "85"]
[GameID "720465"]

1. f4 d6 2. Nf3 Nf6 3. d3 Nbd7 4. e4 e5 5. g3 Be7 6. Nc3 c6 7. Qe2 Qc7 8. Bh3 h6 9. Be3 b5 10. O-O exf4
11. Bxf4 g5 12. Bxd7+ Bxd7 13. Be3
1-0

[Event "For very fast players"]
[Site "SchemingMind.com"]
[Date "2022.02.03"]
[Round "-"]
[White "ClogViking"]
[Black "Raymond de Kemp"]
[Result "0-1"]
[WhiteCountry "NOR"]
[BlackCountry "NED"]
[WhiteElo "1713"]
[WhiteRD "85"]
[BlackElo "1797"]
[BlackRD "61"]
[GameID "720466"]

1. e4 d5 2. exd5 Nf6 3. Nf3 Nxd5 4. d4 g6 5. c3 Bg7 6. Be2 O-O 7. O-O Nc6 8. Nbd2 Nf4 9. Bc4 Na5 10. Bb3 Nxb3
11. axb3 b6 12. Ne4 Nd5 13. Bg5 h6 14. Bh4 g5 15. Bg3 Bg4
0-1

[Event "For very fast players"]
[Site "SchemingMind.com"]
[Date "2022.02.04"]
[Round "-"]
[White "ausvazz"]
[Black "ClogViking"]
[Result "1-0"]
[WhiteCountry "MEX"]
[BlackCountry "NOR"]
[WhiteElo "2089"]
[WhiteRD "91"]
[BlackElo "1713"]
[BlackRD "85"]
[GameID "720467"]

1. e4 d6 2. d4 Nf6 3. Nc3 Nbd7 4. Nf3 e5 5. Bc4 Be7 6. O-O h6 7. a4 a5 8. dxe5 dxe5 9. Qd3 c6 10. Nh4 O-O
11. Ng6 Re8 12. Be3 Qc7 13. Nxe7+ Rxe7 14. Rfd1 Nb6 15. Qd8+ Qxd8 16. Rxd8+
1-0

[Event "For very fast players"]
[Site "SchemingMind.com"]
[Date "2022.02.04"]
[Round "-"]
[White "ClogViking"]
[Black "ausvazz"]
[Result "0-1"]
[WhiteCountry "NOR"]
[BlackCountry "MEX"]
[WhiteElo "1713"]
[WhiteRD "85"]
[BlackElo "2089"]
[BlackRD "91"]
[GameID "720468"]

1. e4 c5 2. Nf3 Nc6 3. b4 cxb4 4. d4 e6 5. Bd3 Nf6 6. a3 d5 7. e5 Ne4 8. Bxe4 dxe4 9. Ng5 Qxd4 10. Qxd4 Nxd4
11. Ra2 b6 12. axb4 Bb7 13. c3 Bd5 14. Rb2 Nc6 15. O-O Nxe5 16. Na3 f6
0-1

[Event "For very fast players"]
[Site "SchemingMind.com"]
[Date "2022.02.04"]
[Round "-"]
[White "Xuvmok"]
[Black "ClogViking"]
[Result "1-0"]
[WhiteCountry "SWE"]
[BlackCountry "NOR"]
[WhiteElo "2184"]
[WhiteRD "63"]
[BlackElo "1713"]
[BlackRD "85"]
[GameID "720469"]

1. e4 d6 2. d4 Nf6 3. Nc3 Nbd7 4. Nf3 e5 5. Bc4 Be7 6. O-O h6 7. h3 c6 8. a4 a5 9. Be3 Qc7 10. Qe2 g5
11. Nd2 Nf8 12. Rfd1 Ng6 13. dxe5 dxe5 14. f3
1-0

[Event "For very fast players"]
[Site "SchemingMind.com"]
[Date "2022.02.04"]
[Round "-"]
[White "ClogViking"]
[Black "Xuvmok"]
[Result "0-1"]
[WhiteCountry "NOR"]
[BlackCountry "SWE"]
[WhiteElo "1713"]
[WhiteRD "85"]
[BlackElo "2184"]
[BlackRD "63"]
[GameID "720470"]

1. e4 e5 2. Bc4 Nf6 3. d4 exd4 4. Nf3 Nc6 5. Ng5 Ne5 6. Qxd4 Qe7 7. Nc3 c5 8. Bxf7+ Nxf7 9. Qe3 Nxg5 10. Qxg5 d6
11. Bf4 Qf7 12. O-O-O h6 13. Qh4 g5 14. Bxg5 Nh5
0-1

[Event "For very fast players"]
[Site "SchemingMind.com"]
[Date "2022.02.07"]
[Round "-"]
[White "ramesse"]
[Black "Raymond de Kemp"]
[Result "1-0"]
[WhiteCountry "SVK"]
[BlackCountry "NED"]
[WhiteElo "2508"]
[WhiteRD "77"]
[BlackElo "1820"]
[BlackRD "63"]
[GameID "720544"]

1. e4 d5 2. exd5 Nf6 3. d4 Nxd5 4. Nf3 g6 5. c4 Nb6 6. Nc3 Bg7 7. Be3 O-O 8. h3 Nc6 9. Be2 e5 10. d5 Ne7
11. g4 f5 12. Qb3 e4 13. Ng5 f4 14. Bc5 f3 15. Bd1 Bxc3+ 16. Qxc3 Nexd5 17. cxd5 Qxg5 18. Bxf8 Kxf8 19. Bb3 Nxd5 20. Bxd5 Qxd5
21. Rd1 Qg5 22. h4 Qe7 23. Qh8+ Kf7 24. Rd8
1-0

[Event "For very fast players"]
[Site "SchemingMind.com"]
[Date "2022.02.06"]
[Round "-"]
[White "ramesse"]
[Black "ausvazz"]
[Result "1-0"]
[WhiteCountry "SVK"]
[BlackCountry "MEX"]
[WhiteElo "2508"]
[WhiteRD "77"]
[BlackElo "2070"]
[BlackRD "92"]
[GameID "720546"]

1. e4 c5 2. Nf3 Nc6 3. d4 cxd4 4. Nxd4 Nf6 5. Nc3 d6 6. Bg5 e6 7. Qd2 a6 8. O-O-O Bd7 9. f4 b5 10. Bxf6 Qxf6
11. e5 dxe5 12. Ndxb5 Qd8 13. Nd6+ Bxd6 14. Qxd6 exf4 15. Ne4 Qe7 16. Qd2 f6 17. Bc4 Ne5 18. Nd6+ Kf8 19. Qxf4 g5 20. Qe3
1-0

[Event "For very fast players"]
[Site "SchemingMind.com"]
[Date "2022.02.08"]
[Round "-"]
[White "ausvazz"]
[Black "ramesse"]
[Result "0-1"]
[WhiteCountry "MEX"]
[BlackCountry "SVK"]
[WhiteElo "2070"]
[WhiteRD "92"]
[BlackElo "2508"]
[BlackRD "77"]
[GameID "720547"]

1. e4 e5 2. Nf3 Nc6 3. d4 exd4 4. Nxd4 Nf6 5. Nxc6 bxc6 6. e5 Qe7 7. Qe2 Nd5 8. c4 Ba6 9. Qe4 Nb4 10. Nc3 Rd8
11. c5 Bxf1 12. Kxf1 Qxc5 13. Be3 Qa5 14. g3 Nd5 15. Nxd5 Qxd5 16. Qxd5 cxd5 17. Bxa7 Ra8 18. Be3 Ke7 19. Kg2 Ke6 20. Rhc1 c6
21. f4 Be7 22. a4 Rhb8 23. Rc2 Rb4 24. a5 d4
0-1

[Event "For very fast players"]
[Site "SchemingMind.com"]
[Date "2022.02.08"]
[Round "-"]
[White "ramesse"]
[Black "Robert Bruce"]
[Result "1-0"]
[WhiteCountry "SVK"]
[BlackCountry "SCO"]
[WhiteElo "2524"]
[WhiteRD "81"]
[BlackElo "2400"]
[BlackRD "65"]
[GameID "720570"]

1. e4 c5 2. Nf3 d6 3. d4 cxd4 4. Nxd4 Nf6 5. Nc3 a6 6. Be3 e5 7. Nb3 Be6 8. f3 h5 9. Nd5 Bxd5 10. exd5 g6
11. Qd2 Nbd7 12. Be2 Bg7 13. O-O Qc7 14. Rac1 O-O 15. c4 b6 16. Na1 h4 17. Nc2 Nh5 18. Nb4 Nf4 19. Nd3 Nxe2+ 20. Qxe2 a5
21. b3 f5 22. Kh1 Bf6 23. Rg1 Kg7 24. g4 f4 25. Bd2 g5 26. Rge1 Rae8 27. Qe4 Nc5 28. Nxc5 bxc5 29. Kg2 h3+ 30. Kxh3 Rh8+
31. Kg2 Rb8 32. Qc2 Kg8 33. h4 gxh4 34. Kh3 Kg7 35. Bc3 Ra8 36. Rb1 Ra6 37. a3 Re8 38. b4 axb4 39. axb4 cxb4 40. Rxb4 Qa7
41. Rf1 Qf7 42. Qb3 Re7 43. c5 dxc5 44. Re4 Raa7 45. Rfe1 Reb7 46. Qd1 Ra3 47. Bxe5 Ra2 48. Qd3 Rf2 49. Qc3 Rb6 50. Bxf6+ Qxf6
51. Re7+ Kg8 52. Ra7 Qf8 53. Ree7 Rf6 54. d6 Rf7 55. Rxf7
1-0

[Event "For very fast players"]
[Site "SchemingMind.com"]
[Date "2022.02.08"]
[Round "-"]
[White "Robert Bruce"]
[Black "ramesse"]
[Result "1/2-1/2"]
[WhiteCountry "SCO"]
[BlackCountry "SVK"]
[WhiteElo "2413"]
[WhiteRD "63"]
[BlackElo "2508"]
[BlackRD "77"]
[GameID "720571"]

1. d4 d5 2. Nf3 Nf6 3. e3 e6 4. Bd3 c5 5. b3 Nc6 6. O-O Bd6 7. Bb2 O-O 8. dxc5 Bxc5 9. Nbd2 b6 10. a3 a5
11. Qe2 Bb7 12. e4 dxe4 13. Nxe4 Nd4 14. Nxf6+ Qxf6 15. Nxd4 Bxd4 16. Bxh7+ Kxh7 17. Qd3+ Kg8 18. Qxd4 Qxd4 19. Bxd4 b5 20. a4 b4
21. Rfc1 Bd5 22. c4 bxc3 23. Rxc3 f6 24. Rb1 Rfb8 25. Rg3 Kf7 26. Rc3 Rb7 27. Be3 Rab8 28. h3 Bxb3 29. Ra1 Rb4 30. Bc5 R4b7
31. Bd6 Rd8 32. Bc7 Rd7 33. Bxa5 Rd4 34. Rc7+ Rxc7 35. Bxc7 Bxa4 36. Kh2 Rc4 37. f4 Bc6 38. g4 Rc2+ 39. Kg3 Rc3+ 40. Kh2 Rc2+
41. Kg3 Rc3+ 42. Kh2 Rc2+
1/2-1/2

[Event "For very fast players"]
[Site "SchemingMind.com"]
[Date "2022.02.12"]
[Round "-"]
[White "Robert Bruce"]
[Black "Raymond de Kemp"]
[Result "1-0"]
[WhiteCountry "SCO"]
[BlackCountry "NED"]
[WhiteElo "2413"]
[WhiteRD "63"]
[BlackElo "1820"]
[BlackRD "63"]
[GameID "720572"]

1. d4 Nf6 2. c4 e5 3. dxe5 Ng4 4. Bf4 Nc6 5. Nf3 Bb4+ 6. Nbd2 Qe7 7. e3 Ncxe5 8. Nxe5 Nxe5 9. Be2 O-O 10. O-O a5
11. a3 Bxd2 12. Qxd2 d6 13. b4 Ng6 14. Bg3 axb4 15. axb4 Bd7 16. Rfd1 Rad8 17. c5 dxc5 18. Bxc7 Rc8 19. Bd6 Qf6 20. Bxf8 Nxf8
21. bxc5 Rxc5 22. Qb4 Rg5 23. Ra8
1-0

[Event "For very fast players"]
[Site "SchemingMind.com"]
[Date "2022.02.12"]
[Round "-"]
[White "Raymond de Kemp"]
[Black "Robert Bruce"]
[Result "0-1"]
[WhiteCountry "NED"]
[BlackCountry "SCO"]
[WhiteElo "1820"]
[WhiteRD "63"]
[BlackElo "2413"]
[BlackRD "63"]
[GameID "720573"]

1. f4 e5 2. fxe5 Nc6 3. Nf3 g5 4. d4 g4 5. Ng5 d5 6. e4 h6 7. Nxf7 Kxf7 8. Nc3 Bb4 9. Be3 Ke8 10. Bd3 Qh4+
11. g3 Qd8 12. Qd2 Nge7 13. O-O-O Be6 14. a3 Bxc3 15. Qxc3 dxe4 16. Bxe4 Bd5 17. Bxd5 Nxd5 18. Qd3 Nxe3 19. Qxe3 Qg5 20. Qxg5 hxg5
21. c3 Ke7 22. Rde1 Ke6 23. Kc2 Raf8 24. Re2 Ne7 25. c4 c6 26. Rd1 Rf3 27. a4 a5 28. Red2 Nf5 29. d5+ cxd5 30. Rxd5 Ne3+
0-1

[Event "For very fast players"]
[Site "SchemingMind.com"]
[Date "2022.02.07"]
[Round "-"]
[White "Robert Bruce"]
[Black "ausvazz"]
[Result "1-0"]
[WhiteCountry "SCO"]
[BlackCountry "MEX"]
[WhiteElo "2413"]
[WhiteRD "63"]
[BlackElo "2070"]
[BlackRD "92"]
[GameID "720574"]

1. c4 Nf6 2. g3 e5 3. Bg2 d5 4. cxd5 Nxd5 5. Nc3 Be6 6. Nf3 Nc6 7. O-O Be7 8. d4 exd4 9. Nxd4 Nxc3 10. bxc3 Nxd4
11. cxd4 c6 12. Rb1 Qd7 13. Qa4 O-O 14. d5 Bxd5 15. Bxd5 Qxd5 16. Rxb7 Bc5 17. Bf4 Rad8 18. Rc1 Rfe8 19. Qb3 Bb6 20. e3 Qxb3
21. axb3 c5 22. g4
1-0

[Event "For very fast players"]
[Site "SchemingMind.com"]
[Date "2022.02.08"]
[Round "-"]
[White "ausvazz"]
[Black "Robert Bruce"]
[Result "0-1"]
[WhiteCountry "MEX"]
[BlackCountry "SCO"]
[WhiteElo "2070"]
[WhiteRD "92"]
[BlackElo "2413"]
[BlackRD "63"]
[GameID "720575"]

1. e4 e5 2. Nf3 Nc6 3. d4 exd4 4. Nxd4 Nf6 5. Nxc6 bxc6 6. e5 Qe7 7. Qe2 Nd5 8. c4 Nb6 9. Nc3 Qe6 10. b3 a5
11. Qe3 Bb4 12. a3 Bxc3+ 13. Qxc3 f6 14. Bb2 O-O 15. Be2 a4 16. b4 fxe5 17. Qxe5 Qxe5 18. Bxe5 Ba6 19. Bxc7 Nxc4 20. O-O Rfc8
21. Bf4 Rf8 22. g3 Rae8
0-1

[Event "For very fast players"]
[Site "SchemingMind.com"]
[Date "2022.02.08"]
[Round "-"]
[White "Robert Bruce"]
[Black "Xuvmok"]
[Result "1-0"]
[WhiteCountry "SCO"]
[BlackCountry "SWE"]
[WhiteElo "2413"]
[WhiteRD "63"]
[BlackElo "2195"]
[BlackRD "60"]
[GameID "720576"]

1. d4 d5 2. Nf3 Nf6 3. e3 e6 4. Bd3 c5 5. b3 Nc6 6. O-O Bd6 7. Bb2 O-O 8. dxc5 Bxc5 9. Nbd2 Qe7 10. a3 e5
11. b4 Bb6 12. b5 e4 13. bxc6 bxc6 14. Bxf6 gxf6 15. Nd4 exd3 16. Nxc6 Qd7 17. Nb4 dxc2 18. Nxc2 Qf5 19. Nb3 Re8 20. Ncd4 Qg5
21. a4 Bg4 22. Nf3 Qh5 23. h3 Bd7 24. Nfd4 Qe5 25. Re1 Rac8 26. Kh1 a5 27. Ne2 Red8 28. Ng3 Kh8 29. Re2 Rc3 30. Nd4 Rc4
31. f4 Qe7 32. Kh2 Re8 33. Rb1 Bxa4 34. Qd2 Qd8 35. Ndf5 Bc7 36. Nh6 Rf8 37. Qd3 Qe7 38. Qxd5 Qe6 39. Qd3 Rd8 40. Qa3 Re8
41. Qa1 Rc8 42. Rd2 Rc2 43. Rb2 Rxd2 44. Rxd2
1-0

[Event "For very fast players"]
[Site "SchemingMind.com"]
[Date "2022.02.07"]
[Round "-"]
[White "Robert Bruce"]
[Black "ClogViking"]
[Result "1-0"]
[WhiteCountry "SCO"]
[BlackCountry "NOR"]
[WhiteElo "2410"]
[WhiteRD "67"]
[BlackElo "1713"]
[BlackRD "85"]
[GameID "720578"]

1. d4 d6 2. c4 Nf6 3. Nf3 Nbd7 4. Nc3 e5 5. Bg5 Be7 6. e3 h6 7. Bh4 g5 8. Bg3 Nh5 9. Bd3 Nxg3 10. fxg3 Nf6
11. O-O Bg4 12. Qb3 Qc8 13. dxe5 dxe5 14. Nxe5 Be6 15. Nd5 Bxd5 16. cxd5 O-O 17. Bc2
1-0

[Event "For very fast players"]
[Site "SchemingMind.com"]
[Date "2022.02.08"]
[Round "-"]
[White "ClogViking"]
[Black "Robert Bruce"]
[Result "0-1"]
[WhiteCountry "NOR"]
[BlackCountry "SCO"]
[WhiteElo "1713"]
[WhiteRD "85"]
[BlackElo "2410"]
[BlackRD "67"]
[GameID "720579"]

1. e4 e5 2. Bc4 Nf6 3. d4 exd4 4. Nf3 Nc6 5. Ng5 d5 6. exd5 Qe7+ 7. Kf1 Ne5 8. Qxd4 Nxc4 9. Qxc4 h6 10. Nf3 Qc5
11. Qe2+ Be7 12. Nc3 Nxd5 13. Nxd5 Qxd5 14. c4 Qd6 15. Be3 O-O 16. Rd1 Qg6 17. Bxh6 Be6
0-1